000 01100cam a22003254a 4500
999 _c4184
_d4184
001 12817885
003 OSt
005 20210222120512.0
008 020614s2003 dcua bf 001 0 eng
010 _a 2002074595
020 _a1555812554 (hard cover set)
035 _a(DNLM)101147847
040 _aDNLM/DLC
_cDLC
_dDLC
042 _apcc
050 0 0 _aQR46
_b.M425 2003
060 1 0 _aQW 4
_bM294 2003
082 0 0 _aQW4 M319m 2003
100 _aEditors Murray, Patrick R.; Baron, Ellen Jo.
_913902
245 0 0 _aManual of Clinical Microbiology
250 _a8th ed.
260 _aWashington;
_bASM Press,
_c2003.
300 _a2 v. :
_bcol.ill ;
_c29 cm.
504 _aIncludes bibliographical references and index.
650 0 _aMedical microbiology
_99020
650 0 _aDiagnostic microbiology
_99021
856 4 2 _3Book review (E-STREAMS)
_uhttp://www.e-streams.com/es0701/es0701_2979.html
906 _a7
_bcbc
_corignew
_d1
_eocip
_f20
_gy-gencatlg
942 _2ddc
_cO_SHELF